Vacunas en la práctica pediátrica / (Registro nro. 725)

Detalles MARC
000 -LEADER
fixed length control field 00889 am a2200265 a 4500
005 - FECHA ULTIMA MODIFICACION
control field 20240628093530.0
008 - CAMPO DE CONTROL (LIBRO)
fixed length control field 100914s1998||||ag d f |||| 001 0 spa d
020 ## - INTERNATIONAL STANDARD BOOK NUMBER
ISBN 9879722701
041 ## - CODIGO DE IDIOMA
Código de idioma del texto/pista de sonido o título separado spa
092 ## - SIGNATURA TOPOGRAFICA DEWEY LOCAL
número de clasificación 614.4
libristica 49
sección LOP
100 1# - ENTRADA PRINCIPAL--NOMBRE PERSONAL
Nombre personal López, Eduardo L.
9 (RLIN) 369
245 ## - TITULO PROPIAMENTE DICHO
Título Vacunas en la práctica pediátrica /
Mención de responsabilidad y remanente de la transcripción de la portada Eduardo L. López.
250 ## - MENCION DE EDICION
Mención de edición 2a ed.
260 ## - PIE DE IMPRENTA
Lugar de publicación, distribución, etc Buenos Aires:
Nombre de la editorial, distribuidor, etc Instituto Mérieux Argentina;
Fecha de publicación 1998.
300 ## - DESCRIPCION FISICA
Extension 483 p.
500 ## - NOTA GENERAL
Nota general López, E. L. (1998). Vacunas en la práctica pediátrica. (2a ed.). Buenos Aires : Instituto Merieux Argentina.
653 ## - TÉRMINO INDIZADO - PALABRAS CLAVES
Palabra clave Vacunas antibacterianas
653 ## - TÉRMINO INDIZADO - PALABRAS CLAVES
Palabra clave Vacunas antivirales
653 ## - TÉRMINO INDIZADO - PALABRAS CLAVES
Palabra clave Inmunización activa en pacientes inmunosuprimidos
653 ## - TÉRMINO INDIZADO - PALABRAS CLAVES
Palabra clave Inmunización de adolescentes
653 ## - TÉRMINO INDIZADO - PALABRAS CLAVES
Palabra clave Vacunas y orientaciones para viajeros
653 ## - TÉRMINO INDIZADO - PALABRAS CLAVES
Palabra clave Cadena de frio
930 ## - NUMERO DE INVENTARIO
Número de inventario 513
942 ## - ADDED ENTRY ELEMENTS (KOHA)
Source of classification or shelving scheme Dewey Decimal Classification
Item type Libros
Existencias
Estado de retiro Existencia Fuente de clasificación Estado general No para prestamo Colección Ubicación permanente ubicación actual Sala de ubicación Fecha de adquisición Total Checkouts Número de clasificación Código de barras Date last seen Date last borrowed Número de ejemplar Price effective from Koha tipo de elemento (item) Public note
    Dewey Decimal Classification     Reference Biblioteca Medicina Biblioteca Medicina Referencia 13/05/2011 1 614.4 49 LOP 513 06/11/2014 29/08/2014 ej.1 13/05/2011 Reference LIBRO DE CONSULTA

UNIVERSIDAD NACIONAL DEL COMAHUE
Biblioteca de la Facultad de Ciencias Médicas
Sede Toschi: Los Arrayanes y Av. Toschi, Cipolletti  - Rio Negro
Sede Los Tordos:  Yrigoyen al 2211, Cipolletti - Rio Negro 

Teléfono: 0299 - 4774707 int 25
Contacto: biblioteca@facimed.uncoma.edu.ar
© 2011 - 2026